000
00215 a2200085 4500
020
_a
9788190409681
100
_a
JAY THAKUR
245
_a
PRATHAA: KATH-KHUNI ARCHITECTURE OF HIMACHAL PRADESH
260
_b
SID RESEARCH CELL
999
_c
13057
_d
13057